Case study research : design and methods
Αποθηκεύτηκε σε:
| Κύριος συγγραφέας: | |
|---|---|
| Μορφή: | Βιβλίο |
| Γλώσσα: | English |
| Δημοσίευση: |
Thousand Oaks, London :
Sage Publications,
c2003
|
| Έκδοση: | 3rd ed. |
| Σειρά: | Applied social research methods series ;
; 5 |
| Θέματα: | |
| Ετικέτες: |
Προσθήκη ετικέτας
Δεν υπάρχουν, Καταχωρήστε ετικέτα πρώτοι!
|
MARC
| LEADER | 00000nam a2200000 i 4500 | ||
|---|---|---|---|
| 001 | 1/49909 | ||
| 008 | 070731s2003 eng d | ||
| 020 | |a 0-7619-2553-8 (pbk.) | ||
| 035 | |l 10089315 | ||
| 040 | |a GR-MY-UA |b gre |e aacr | ||
| 041 | 0 | |a eng | |
| 082 | 0 | |a 300.722 |2 (22) | |
| 100 | 1 | |a Yin, Robert K. | |
| 245 | 1 | 0 | |a Case study research : |b design and methods / |c Robert K. Yin |
| 250 | |a 3rd ed. | ||
| 260 | |a Thousand Oaks, London : |b Sage Publications, |c c2003 | ||
| 300 | |a xvi,181 σ.; |b πιν.; |c 22 εκ. | ||
| 490 | 1 | |a Applied social research methods series |v ; 5 | |
| 504 | |a Βιβλιογραφία: σ. 167-174. Ευρετήριο | ||
| 650 | 0 | 0 | |a Case method. |
| 650 | 0 | 0 | |a Social sciences |x Research |x Methodology. |
| 830 | 0 | |a Applied social research methods series ; |v ; 5 | |
| 852 | |a INST |b CHIOS |e 20070731 |h 300.722 YIN |p 005200025863 |q 005200025863 |t BK |y 0 | ||
| 852 | |a INST |b SYROS |e 20080221 |h 300.722 YIN |p 005500006526 |q 005500006526 |t BK |y 0 | ||
| 901 | |a BIBL5-2008-1 | ||
| 901 | |a BIBL2-2007-2 | ||
| 909 | |a Ε |b 140623 | ||
| 909 | |a Χ |b 137034 | ||
| 922 | |a 5ΕΛΗ |b 200711 |c ΕΠΕΑΕΚ2/ΤΜΣΠΣ |d ΕΛΕΥΘΕΡΟΥΔΑΚΗΣ | ||
| 922 | |a 2ΕΛΗ |b 200707 |c ΕΠΕΑΕΚ2/ΤNEY |d ΠΑΠΑΣΩΤΗΡΙΟΥ | ||
| 970 | |a Ατσάλη |b Δέσποινα |z 2007/07/31 | ||